Kaifi Azmi's nazrana / (Record no. 46965)

MARC details
000 -LEADER
fixed length control field 01186njm a22003017a 4500
005 - DATE AND TIME OF LATEST TRANSACTION
control field 20100920121611.0
007 - PHYSICAL DESCRIPTION FIXED FIELD--GENERAL INFORMATION
fixed length control field sd ammalaaahaa
008 - FIXED-LENGTH DATA ELEMENTS--GENERAL INFORMATION
fixed length control field 100913t xxu||||| |||| 00| 0 hin d
028 ## - PUBLISHER NUMBER
Publisher number 6405 624
Source PHILIPS
035 ## - SYSTEM CONTROL NUMBER
System control number GR-03649
040 ## - CATALOGING SOURCE
Original cataloging agency SED/VEN
100 ## - MAIN ENTRY--PERSONAL NAME
Personal name Nina
9 (RLIN) 1184
245 ## - TITLE STATEMENT
Title Kaifi Azmi's nazrana /
Statement of responsibility, etc by Nina [and] Rajinder Mehta ; music by Govind Prasad ; lyrics by Kaifi Azmi
Medium [sound recording] :
246 ## - VARYING FORM OF TITLE
Title proper/short title कैफ़ी आज़मी का नजराना
260 ## - PUBLICATION, DISTRIBUTION, ETC. (IMPRINT)
Place of publication, distribution, etc Dum Dum India
Name of publisher, distributor, etc PHILIPS
Date of publication, distribution, etc 1977
300 ## - PHYSICAL DESCRIPTION
Extent 1 sound disc [Gramophone record] :
Other physical details analog, 33 1/3 rpm
Dimensions 12.5 in. (LP)
Type of unit Gramophone Record
500 ## - GENERAL NOTE
General note Brief Record
500 ## - GENERAL NOTE
General note Record label :PHILIPS, Red
505 ## - FORMATTED CONTENTS NOTE
Formatted contents note Side-1 (Kuch mujh ko doston mein) (Rajendra & Nina Mehta) Side-२ (Tum pareshan na ho) (Rajendra & Nina Mehta)
600 ## - SUBJECT ADDED ENTRY--PERSONAL NAME
Personal name Nina
9 (RLIN) 20778
650 ## - SUBJECT ADDED ENTRY--TOPICAL TERM
Topical term or geographic name as entry element Hindi Film Songs
General subdivision Excerpts
Geographic subdivision India
9 (RLIN) 19603
700 ## - ADDED ENTRY--PERSONAL NAME
9 (RLIN) 20747
Personal name Kaifi Azmi
700 ## - ADDED ENTRY--PERSONAL NAME
Personal name Govind Prasad
9 (RLIN) 20779
700 ## - ADDED ENTRY--PERSONAL NAME
Personal name Mehta, Rajendra
9 (RLIN) 20780
700 ## - ADDED ENTRY--PERSONAL NAME
Personal name Rajinder Krishan
9 (RLIN) 20776
942 ## - ADDED ENTRY ELEMENTS (KOHA)
Source of classification or shelving scheme Dewey Decimal Classification
Item type Gramaphone Records
Holdings
Withdrawn status Lost status Source of classification or shelving scheme Damaged status Not for loan Collection code Home library Current library Date acquired Source of acquisition Total Checkouts Barcode Date last seen Copy number Price effective from Koha item type
    Dewey Decimal Classification   Not For Loan Non-fiction Central Library Central Library 20/09/2010 SED/VEN   GR-03649 20/09/2010 1 20/09/2010 Gramaphone Records

© Delhi Public Library
Hit Counter
free hit counter